01012nam a2200217 a 450000100100000000500170001000800410002704000250006808200180009310000340011124501170014526000500026230000210031265100830033365101050041670000310052191000330055204900090058595201830059499900170077700003380820200930070533.0110912s1894 dr 001 0 spa d aDO-SdBNPbspacBNPHU a972.93bA162c1 aAbreu Licairac, Rafael95464710aConsideraciones acerca de nuestra independencia y sus prohombres /cRafael Abreu Licairac ; editor J. R. Roques. aSanto Domingo :bLa cuna de América,c1894. a125 p. ;c19 cm. 4aRepública DominicanaxHistoriay1844-1930xEnsayos Conferencias, Etc.938562 4aRepública DominicanaxHistoriayOCUPACIÓN HAITIANA, 1822-1844xEnsayos Conferencias, Etc.9592311 aRoques, J. R.,eed.959232 aValidado. Control de calidad aBNPD 001050718RVaPDbPDcHDd2011-09-12iLF1l0o972.93 A162cp33808-10r2020-06-25w2020-06-25y1zPerteneció a la biblioteca personal de Carlos Larrazabal BlancoZNo se presta c33299d33299